[Event "21. Copenhagen Open  (Politiken Cup)"]
[Site "Copenhagen"]
[Date "1999.07.03"]
[Round "1"]
[White "Hillarp Persson, Tiger"]
[Black "Auchenberg, Per"]
[Result "1-0"]
[WhiteElo "2507"]
[BlackElo "2054"]
[PlyCount "63"]
[EventDate "1999.07.03"]
[EventType "swiss"]
[EventRounds "11"]
[EventCountry "DEN"]
[SourceDate "2004.01.01"]

1. d4 c5 2. d5 e5 3. e4 d6 4. Nd2 Nf6 5. Ne2 Be7 6. Nc3 O-O 7. Be2 Ne8 8. O-O
Nd7 9. a4 g6 10. Nc4 Bg5 11. Bxg5 Qxg5 12. Qc1 Qe7 13. f4 exf4 14. Qxf4 f6 15.
h4 Ne5 16. Ne3 Ng7 17. g4 f5 18. gxf5 gxf5 19. h5 fxe4 20. Qxf8+ Qxf8 21. Rxf8+
Kxf8 22. Nxe4 Ke7 23. Rf1 Bh3 24. Rf2 Rg8 25. Kh2 Bc8 26. Rg2 h6 27. Rf2 Ne8
28. Bb5 Ng4+ 29. Nxg4 Rxg4 30. Re2 Rh4+ 31. Kg3 Rg4+ 32. Kf3 1-0

[Event "21. Copenhagen Open  (Politiken Cup)"]
[Site "Copenhagen"]
[Date "1999.07.03"]
[Round "1"]
[White "Hjortskov, Kjeld"]
[Black "Johansen, Terje"]
[Result "0-1"]
[WhiteElo "1655"]
[BlackElo "2231"]
[PlyCount "118"]
[EventDate "1999.07.03"]
[EventType "swiss"]
[EventRounds "11"]
[EventCountry "DEN"]
[SourceDate "2004.01.01"]

1. e4 Nf6 2. e5 Nd5 3. c4 Nb6 4. d4 d6 5. Nf3 Bg4 6. Be2 c6 7. exd6 exd6 8. b3
Be7 9. Nbd2 O-O 10. O-O Re8 11. Qc2 N8d7 12. Bd3 Nf8 13. Bb2 Bh5 14. Rfe1 Bf6
15. Rxe8 Qxe8 16. Ne4 Be7 17. Nfd2 d5 18. Ng3 Bg6 19. Re1 Qd8 20. Nf3 Bf6 21.
Bf5 Ne6 22. Qe2 Nf8 23. a4 dxc4 24. a5 Nbd7 25. bxc4 Qxa5 26. Bxg6 hxg6 27. Ne4
Re8 28. Bc3 Qd8 29. Qb2 b6 30. Nxf6+ Nxf6 31. Ne5 Qc7 32. h3 N6d7 33. d5 cxd5
34. cxd5 Nxe5 35. Rxe5 Rxe5 36. Bxe5 Qd7 37. d6 f6 38. Qa2+ Qf7 39. Qxf7+ Kxf7
40. Bb2 Ke6 41. Ba3 a5 42. Kf1 b5 43. Bc5 Nd7 44. Be3 Kxd6 45. Ke1 Kd5 46. Kd1
Kc4 47. Kc2 b4 48. h4 a4 49. Bd2 a3 50. Kb1 b3 51. g4 Ne5 52. g5 Nf3 53. Ba5
fxg5 54. hxg5 Nxg5 55. Bc7 Ne4 56. Be5 Nc3+ 57. Bxc3 Kxc3 58. f4 a2+ 59. Ka1
Kc2 0-1

[Event "21. Copenhagen Open  (Politiken Cup)"]
[Site "Copenhagen"]
[Date "1999.07.03"]
[Round "1"]
[White "Hoi, Carsten"]
[Black "Damgaard, Sven"]
[Result "1-0"]
[WhiteElo "2394"]
[BlackElo "1939"]
[PlyCount "113"]
[EventDate "1999.07.03"]
[EventType "swiss"]
[EventRounds "11"]
[EventCountry "DEN"]
[SourceDate "2004.01.01"]

1. d4 Nf6 2. c4 g6 3. Nc3 Bg7 4. e4 d6 5. Nf3 O-O 6. a3 c5 7. d5 Nbd7 8. Bg5 a6
9. a4 Qa5 10. Nd2 h6 11. Be3 Re8 12. Be2 Nf8 13. O-O g5 14. Nb3 Qc7 15. h4 gxh4
16. Qd2 Kh7 17. f4 Ng4 18. Bxg4 Bxg4 19. a5 Nd7 20. Nc1 f5 21. N1e2 Rg8 22. Kh1
Raf8 23. Qc2 Qc8 24. Rab1 Nf6 25. b4 Nh5 26. Bf2 h3 27. g3 Bf3+ 28. Kg1 Bxc3
29. exf5 Bf6 30. Kh2 Bg4 31. bxc5 Bxf5 32. Qb3 Rg6 33. cxd6 Bxb1 34. Qxb1 exd6
35. g4 Nxf4 36. Nxf4 Qxg4 37. Qxg6+ Qxg6 38. Nxg6 Kxg6 39. Bg3 Be7 40. Rb1 h5
41. Rxb7 h4 42. Be1 Re8 43. Bb4 Kf5 44. Kxh3 Ke4 45. Rc7 Kd4 46. Be1 Bd8 47.
Bf2+ Kd3 48. Rc8 Rh8 49. c5 dxc5 50. Bxc5 Rg8 51. Be7 Bxe7 52. Rxg8 Kc4 53. Rg7
Bc5 54. Rg5 Be7 55. Rg6 Kb5 56. d6 Bd8 57. Rg8 1-0

[Event "21. Copenhagen Open  (Politiken Cup)"]
[Site "Copenhagen"]
[Date "1999.07.03"]
[Round "1"]
[White "Howe, Dennis"]
[Black "Schneider, Stefan"]
[Result "0-1"]
[WhiteElo "1919"]
[BlackElo "2353"]
[PlyCount "76"]
[EventDate "1999.07.03"]
[EventType "swiss"]
[EventRounds "11"]
[EventCountry "DEN"]
[SourceDate "2004.01.01"]

1. e4 Nf6 2. Nc3 d5 3. exd5 Nxd5 4. Bc4 c6 5. Nge2 g6 6. O-O Bg7 7. d4 O-O 8.
Nxd5 cxd5 9. Bd3 Nc6 10. c3 a6 11. a4 Na5 12. Bf4 Nc6 13. Qc1 Na5 14. Qd1 Re8
15. Re1 f6 16. b4 Nc6 17. h4 e5 18. dxe5 fxe5 19. Bg5 Qd7 20. Qb3 Qf7 21. Ng3
e4 22. Bf1 Be6 23. Qc2 Rac8 24. b5 Nb4 25. Qb3 Bxc3 26. bxa6 bxa6 27. Rac1 Bxe1
28. Rxe1 a5 29. Bb5 Rf8 30. Re2 d4 31. Qb1 d3 32. Rxe4 Qxf2+ 33. Kh2 Rc2 34.
Qh1 Bd5 35. Be3 Qf7 36. Rf4 Qxf4 37. Bxf4 Rxf4 38. h5 Rh4+ 0-1

[Event "21. Copenhagen Open  (Politiken Cup)"]
[Site "Copenhagen"]
[Date "1999.07.03"]
[Round "1"]
[White "Hogh, Sidsel T"]
[Black "Nielsen, Morten"]
[Result "0-1"]
[WhiteElo "1150"]
[BlackElo "2077"]
[PlyCount "74"]
[EventDate "1999.07.03"]
[EventType "swiss"]
[EventRounds "11"]
[EventCountry "DEN"]
[SourceDate "2004.01.01"]

1. d4 Nf6 2. c4 c5 3. d5 b5 4. b3 e6 5. e3 Bb7 6. Bb2 bxc4 7. bxc4 exd5 8. Nc3
dxc4 9. Nf3 d5 10. Ne2 Ne4 11. g3 Qa5+ 12. Nd2 c3 13. Nb3 Qb4 14. a3 c2+ 15.
axb4 cxd1=Q+ 16. Rxd1 c4 17. Nd2 Bxb4 18. Bxg7 Rg8 19. Bd4 Nc6 20. Bg2 Nxd2 21.
Rxd2 Nxd4 22. Nxd4 Rg6 23. Ke2 Bxd2 24. Kxd2 Ra6 25. Rc1 Ra2+ 26. Rc2 Rxc2+ 27.
Kxc2 O-O-O 28. Nb5 a6 29. Nd4 Kc7 30. Kc3 Kb6 31. Kb4 a5+ 32. Ka3 Kc5 33. Kb2
Rd6 34. Ka3 Rb6 35. Ka2 c3 36. Bf1 Rb2+ 37. Ka3 Rxf2 0-1

[Event "21. Copenhagen Open  (Politiken Cup)"]
[Site "Copenhagen"]
[Date "1999.07.03"]
[Round "1"]
[White "Ingolfsdottir, Harpa"]
[Black "Schmied, Andreas"]
[Result "0-1"]
[WhiteElo "1495"]
[BlackElo "2162"]
[PlyCount "50"]
[EventDate "1999.07.03"]
[EventType "swiss"]
[EventRounds "11"]
[EventCountry "DEN"]
[SourceDate "2004.01.01"]

1. e4 c5 2. Nf3 Nc6 3. d4 cxd4 4. Nxd4 g6 5. Nc3 Bg7 6. Be3 Nf6 7. f3 O-O 8.
Qd2 d5 9. exd5 Nxd5 10. Nxd5 Qxd5 11. Nxc6 Qxc6 12. O-O-O Bf5 13. Qf2 Qa4 14.
Bd3 Qxa2 15. Bxf5 Qxb2+ 16. Kd2 gxf5 17. Ke1 Rfd8 18. Qe2 Rxd1+ 19. Qxd1 Rc8
20. Rf1 Rxc2 21. Qd8+ Bf8 22. Bd2 Qe5+ 23. Kd1 Ra2 24. Re1 Ra1+ 25. Kc2 Rxe1
0-1

[Event "21. Copenhagen Open  (Politiken Cup)"]
[Site "Copenhagen"]
[Date "1999.07.03"]
[Round "1"]
[White "Jakobsen, Ole"]
[Black "Jensen, Kasper Smith"]
[Result "1-0"]
[WhiteElo "2398"]
[BlackElo "1944"]
[PlyCount "43"]
[EventDate "1999.07.03"]
[EventType "swiss"]
[EventRounds "11"]
[EventCountry "DEN"]
[SourceDate "2004.01.01"]

1. Nf3 d5 2. g3 Nc6 3. d4 Nf6 4. Bg2 Bf5 5. O-O e6 6. c4 Nb4 7. Na3 dxc4 8. Ne5
Be4 9. f3 Bc2 10. Qd2 Ba4 11. Naxc4 Nc2 12. b3 Bxb3 13. axb3 Nxa1 14. Qb2 Nc2
15. Qxc2 Qxd4+ 16. Be3 Qd8 17. f4 Nd5 18. Bf2 c6 19. f5 Be7 20. fxe6 fxe6 21.
Nf7 Nb4 22. Qe4 1-0

[Event "21. Copenhagen Open  (Politiken Cup)"]
[Site "Copenhagen"]
[Date "1999.07.03"]
[Round "1"]
[White "Jensen, Henrik W"]
[Black "Al Saad, Mofid"]
[Result "1-0"]
[WhiteElo "2098"]
[BlackElo "1323"]
[PlyCount "81"]
[EventDate "1999.07.03"]
[EventType "swiss"]
[EventRounds "11"]
[EventCountry "DEN"]
[SourceDate "2004.01.01"]

1. e4 c5 2. Nf3 Nc6 3. Bb5 g6 4. O-O Bg7 5. c3 a6 6. Bxc6 bxc6 7. d4 cxd4 8.
cxd4 d6 9. Be3 Nf6 10. Nc3 O-O 11. h3 Rb8 12. Qd2 d5 13. e5 Ne4 14. Nxe4 dxe4
15. Ng5 Qd5 16. Rfc1 Bf5 17. Rc5 Qd7 18. f3 exf3 19. Nxf3 f6 20. b3 Rfd8 21.
Re1 Be4 22. Qf2 Rf8 23. Nd2 fxe5 24. Qg3 exd4 25. Bg5 Bd5 26. Rxe7 Qf5 27. Nf3
Rbe8 28. Qc7 Rxe7 29. Qxe7 Bf6 30. Bxf6 Rxf6 31. Qe5 Qb1+ 32. Kh2 Rxf3 33. gxf3
Qxa2+ 34. Kg3 d3 35. Qe8+ Kg7 36. Qe7+ Kh6 37. Qh4+ Kg7 38. Qe7+ Kh6 39. Qf8+
Kh5 40. Qe7 g5 41. Qxh7# 1-0

[Event "21. Copenhagen Open  (Politiken Cup)"]
[Site "Copenhagen"]
[Date "1999.07.03"]
[Round "1"]
[White "Jensen, Jan Kargaard"]
[Black "Jorgensen, Michael"]
[Result "0-1"]
[WhiteElo "1740"]
[BlackElo "2274"]
[PlyCount "76"]
[EventDate "1999.07.03"]
[EventType "swiss"]
[EventRounds "11"]
[EventCountry "DEN"]
[SourceDate "2004.01.01"]

1. e4 e6 2. d4 d5 3. Nd2 Nf6 4. e5 Nfd7 5. c3 c5 6. Bd3 Nc6 7. Ne2 cxd4 8. cxd4
f6 9. exf6 Nxf6 10. Nf3 Bd6 11. Bf4 Bxf4 12. Nxf4 O-O 13. O-O Ne4 14. g3 Qf6
15. h4 h6 16. Bxe4 dxe4 17. Nd2 Qxd4 18. Qe1 e5 19. Nb3 Qxb2 20. Ng6 Rf6 21.
Qxe4 Bf5 22. Qc4+ Kh7 23. h5 Qc2 24. Qxc2 Bxc2 25. Nh4 Nd4 26. Nxd4 exd4 27.
Rac1 d3 28. Ng2 Re8 29. Nf4 Ra6 30. Ra1 Re5 31. Kg2 b5 32. Ng6 Rxh5 33. Nf4 Re5
34. Kf3 b4 35. Ng2 Rf6+ 36. Kg4 d2 37. Ne3 Rxe3 38. fxe3 Rxf1 0-1

[Event "21. Copenhagen Open  (Politiken Cup)"]
[Site "Copenhagen"]
[Date "1999.07.03"]
[Round "1"]
[White "Jensen, Jannick"]
[Black "Jonkman, Harmen"]
[Result "0-1"]
[WhiteElo "1967"]
[BlackElo "2421"]
[PlyCount "34"]
[EventDate "1999.07.03"]
[EventType "swiss"]
[EventRounds "11"]
[EventCountry "DEN"]
[SourceDate "2004.01.01"]

1. e4 e5 2. Nf3 Nc6 3. Bb5 f5 4. d3 fxe4 5. dxe4 Nf6 6. Bg5 Bb4+ 7. c3 Bc5 8.
O-O d6 9. Nbd2 a6 10. Ba4 O-O 11. h3 Qe8 12. Kh1 Qh5 13. Qe1 Bxh3 14. gxh3
Qxh3+ 15. Kg1 Ng4 16. Qe2 Rxf3 17. Nxf3 Rf8 0-1

[Event "21. Copenhagen Open  (Politiken Cup)"]
[Site "Copenhagen"]
[Date "1999.07.03"]
[Round "1"]
[White "Jensen, John Klaus"]
[Black "Maarup, Michael"]
[Result "0-1"]
[WhiteElo "1563"]
[BlackElo "2184"]
[PlyCount "44"]
[EventDate "1999.07.03"]
[EventType "swiss"]
[EventRounds "11"]
[EventCountry "DEN"]
[SourceDate "2004.01.01"]

1. d3 d5 2. Nf3 Nf6 3. g3 g6 4. Bg2 Bg7 5. O-O O-O 6. Nbd2 c6 7. Rb1 Bg4 8. h3
Bf5 9. Kh2 Qc7 10. c4 e5 11. cxd5 cxd5 12. Nh4 Be6 13. Qa4 Nc6 14. Nhf3 Rac8
15. Ng5 Bd7 16. e3 h6 17. Ngf3 Rfd8 18. Qa3 Be6 19. Rd1 Bf8 20. Qa4 Nb4 21. d4
Bf5 22. Nxe5 Bc2 0-1

[Event "21. Copenhagen Open  (Politiken Cup)"]
[Site "Copenhagen"]
[Date "1999.07.03"]
[Round "1"]
[White "Johansson, Thomas"]
[Black "Pedersen, Torben"]
[Result "1-0"]
[WhiteElo "2218"]
[BlackElo "1625"]
[PlyCount "47"]
[EventDate "1999.07.03"]
[EventType "swiss"]
[EventRounds "11"]
[EventCountry "DEN"]
[SourceDate "2004.01.01"]

1. e4 c6 2. d4 d5 3. f3 Nd7 4. Nc3 Nb6 5. Bg5 Qc7 6. Bd3 e5 7. exd5 exd4 8.
Qe2+ Be7 9. d6 Qxd6 10. Ne4 Qd5 11. f4 Be6 12. Nf3 f6 13. Bh4 c5 14. b3 c4 15.
bxc4 Nxc4 16. O-O Nh6 17. Rfe1 Ne3 18. c3 O-O 19. Nxd4 Nhf5 20. Bf2 Nxd4 21.
cxd4 Nf5 22. Nc3 Nxd4 23. Nxd5 Nxe2+ 24. Rxe2 1-0

[Event "21. Copenhagen Open  (Politiken Cup)"]
[Site "Copenhagen"]
[Date "1999.07.03"]
[Round "1"]
[White "Karlsen, Arne"]
[Black "Mortensen, Erling"]
[Result "0-1"]
[WhiteElo "2022"]
[BlackElo "2445"]
[PlyCount "70"]
[EventDate "1999.07.03"]
[EventType "swiss"]
[EventRounds "11"]
[EventCountry "DEN"]
[SourceDate "2004.01.01"]

1. e4 c5 2. Nf3 Nc6 3. Bb5 e6 4. O-O Nge7 5. Re1 a6 6. Bf1 d5 7. c3 d4 8. d3 e5
9. Bg5 f6 10. Bh4 g5 11. Bg3 Be6 12. a4 h5 13. h4 Ng6 14. Na3 Rb8 15. a5 g4 16.
Nd2 Qxa5 17. b4 cxb4 18. Nac4 Qd8 19. cxd4 Nxd4 20. Nb3 Nxb3 21. Qxb3 Bc5 22.
Qc2 Rc8 23. Qa4+ Kf7 24. Na5 Qe7 25. Rab1 b5 26. Qd1 Bb6 27. Nb3 Rc3 28. Kh2
Rd8 29. Be2 Nf4 30. Bxf4 exf4 31. Rf1 f3 32. gxf3 f5 33. exf5 Qxh4+ 34. Kg1
Bxb3 35. Rxb3 g3 0-1

[Event "21. Copenhagen Open  (Politiken Cup)"]
[Site "Copenhagen"]
[Date "1999.07.03"]
[Round "1"]
[White "Kokholm, Daniel"]
[Black "Sorensen, Torben N"]
[Result "0-1"]
[WhiteElo "1892"]
[BlackElo "2348"]
[PlyCount "44"]
[EventDate "1999.07.03"]
[EventType "swiss"]
[EventRounds "11"]
[EventCountry "DEN"]
[SourceDate "2004.01.01"]

1. d4 d5 2. e4 e6 3. Be3 dxe4 4. Nd2 Nf6 5. f3 Nd5 6. Qe2 c5 7. c3 Nxe3 8. Qxe3
cxd4 9. cxd4 Be7 10. fxe4 Bg5 11. Qf2 Bxd2+ 12. Qxd2 Qh4+ 13. Kd1 Qxe4 14. Bd3
Qd5 15. Nf3 Nc6 16. Qf4 O-O 17. Ke1 e5 18. Bxh7+ Kxh7 19. Qh4+ Kg8 20. Ng5 Qa5+
21. Kd1 Qa4+ 22. Kc1 Qc4+ 0-1

[Event "21. Copenhagen Open  (Politiken Cup)"]
[Site "Copenhagen"]
[Date "1999.07.03"]
[Round "1"]
[White "Kragh, Niels Kristian"]
[Black "Mah, Karl"]
[Result "0-1"]
[WhiteElo "1813"]
[BlackElo "2316"]
[PlyCount "62"]
[EventDate "1999.07.03"]
[EventType "swiss"]
[EventRounds "11"]
[EventCountry "DEN"]
[SourceDate "2004.01.01"]

1. e4 d6 2. d4 Nf6 3. Bd3 e5 4. c3 Nc6 5. Nf3 g6 6. Bg5 Bg7 7. h3 h6 8. Bh4 O-O
9. O-O Qe8 10. Re1 Nh5 11. Bb5 a6 12. Bxc6 Qxc6 13. dxe5 dxe5 14. Qe2 g5 15.
Nxe5 Qb5 16. Qxh5 gxh4 17. f4 f6 18. Na3 Qc5+ 19. Kh1 fxe5 20. f5 Qe7 21. Nc2
Bd7 22. Rad1 Rad8 23. Ne3 Bc6 24. Qe2 Qf7 25. Ng4 h5 26. Nh2 Bh6 27. Nf3 Qf6
28. Nxe5 Qxe5 29. Qxh5 Rxd1 30. Rxd1 Qxe4 31. Qg6+ Bg7 0-1

[Event "21. Copenhagen Open  (Politiken Cup)"]
[Site "Copenhagen"]
[Date "1999.07.03"]
[Round "1"]
[White "Kristjansson, Stefan"]
[Black "Rasmussen, Morten Fredsgaard"]
[Result "1-0"]
[WhiteElo "2278"]
[BlackElo "1771"]
[PlyCount "77"]
[EventDate "1999.07.03"]
[EventType "swiss"]
[EventRounds "11"]
[EventCountry "DEN"]
[SourceDate "2004.01.01"]

1. e4 e5 2. Nf3 Nc6 3. Bb5 a6 4. Ba4 b5 5. Bb3 Bb7 6. O-O Nf6 7. c3 d6 8. Re1
Be7 9. d4 exd4 10. cxd4 O-O 11. Nbd2 Nd7 12. Nf1 Na5 13. Bc2 c5 14. Bf4 Re8 15.
Ne3 Nf8 16. Nf5 Ne6 17. Bg3 Bf8 18. d5 Nc7 19. b3 Bc8 20. Bh4 f6 21. Ne3 g6 22.
Qd2 Nb7 23. a4 Bh6 24. Qc3 Bg7 25. axb5 axb5 26. Bd3 Bd7 27. h3 Qc8 28. Bxf6
Bxf6 29. Qxf6 Rf8 30. Qh4 Qd8 31. Rxa8 Nxa8 32. Qg3 Qf6 33. e5 dxe5 34. Nxe5
Bc8 35. N3g4 Bxg4 36. Nxg4 Qc3 37. Re7 Nd8 38. Nh6+ Kh8 39. Rxh7+ 1-0

[Event "21. Copenhagen Open  (Politiken Cup)"]
[Site "Copenhagen"]
[Date "1999.07.03"]
[Round "1"]
[White "Larusdottir, Aldis Run"]
[Black "Grigoryan, Meri"]
[Result "0-1"]
[WhiteElo "1350"]
[BlackElo "2100"]
[PlyCount "24"]
[EventDate "1999.07.03"]
[EventType "swiss"]
[EventRounds "11"]
[EventCountry "DEN"]
[SourceDate "2004.01.01"]

1. d4 d5 2. c4 e5 3. dxe5 d4 4. e3 Bb4+ 5. Bd2 dxe3 6. Qa4+ Nc6 7. Bxb4 exf2+
8. Kxf2 Qh4+ 9. Kf3 Bd7 10. Ke3 Qd4+ 11. Ke2 Qxb2+ 12. Bd2 Nd4+ 0-1

[Event "21. Copenhagen Open  (Politiken Cup)"]
[Site "Copenhagen"]
[Date "1999.07.03"]
[Round "1"]
[White "Laursen, Niels Norskov"]
[Black "Danielsen, Henrik"]
[Result "0-1"]
[WhiteElo "2055"]
[BlackElo "2512"]
[PlyCount "88"]
[EventDate "1999.07.03"]
[EventType "swiss"]
[EventRounds "11"]
[EventCountry "DEN"]
[SourceDate "2004.01.01"]

1. e4 c6 2. Nc3 d5 3. Nf3 Bg4 4. h3 Bxf3 5. Qxf3 e6 6. Qg3 Nf6 7. e5 Nfd7 8.
Be2 c5 9. O-O Nc6 10. f4 g6 11. b3 a6 12. Bb2 Nd4 13. Bd1 b5 14. Ne2 Nf5 15.
Qf3 h5 16. g4 hxg4 17. hxg4 Qh4 18. Rf2 Ne7 19. a4 b4 20. c4 bxc3 21. Bxc3 Nc6
22. Ng3 Rc8 23. Be2 c4 24. bxc4 dxc4 25. Bxc4 Bc5 26. Bxa6 Rc7 27. Bb5 Qh2+ 28.
Kf1 Bxf2 29. Qxf2 Qh3+ 30. Qg2 Kf8 31. Qxh3 Rxh3 32. Kg2 Rh4 33. Be2 Nb6 34. a5
Nd5 35. Kf3 g5 36. Bb2 Nxf4 37. Ba3+ Kg8 38. Bd6 Ra7 39. a6 Nd4+ 40. Kf2 Rh2+
41. Kg1 Rg2+ 42. Kf1 Rxg3 43. Bc4 Nh3 44. Bc5 Rg1# 0-1

[Event "21. Copenhagen Open  (Politiken Cup)"]
[Site "Copenhagen"]
[Date "1999.07.03"]
[Round "1"]
[White "Lund, Thomas"]
[Black "Coleman, David"]
[Result "0-1"]
[WhiteElo "1691"]
[BlackElo "2240"]
[PlyCount "64"]
[EventDate "1999.07.03"]
[EventType "swiss"]
[EventRounds "11"]
[EventCountry "DEN"]
[SourceDate "2004.01.01"]

1. c4 g6 2. Nc3 Bg7 3. Nf3 c5 4. g3 Nc6 5. Bg2 e5 6. d3 Nge7 7. O-O O-O 8. Rb1
a6 9. a3 Rb8 10. Na4 d6 11. b4 b5 12. bxc5 bxa4 13. Rxb8 Nxb8 14. cxd6 Qxd6 15.
Qxa4 Nbc6 16. Rd1 Bb7 17. Nd2 Qc7 18. Nb3 Nd4 19. Nxd4 Bxg2 20. Kxg2 exd4 21.
Qxa6 Rb8 22. Qa4 h5 23. Qc2 Qc6+ 24. Kg1 Be5 25. e4 dxe3 26. fxe3 Nf5 27. d4
Bg7 28. Bd2 Nxd4 29. Qd3 Nf3+ 30. Kf2 Nxh2 31. e4 Ng4+ 32. Kg1 Qc5+ 0-1

[Event "21. Copenhagen Open  (Politiken Cup)"]
[Site "Copenhagen"]
[Date "1999.07.03"]
[Round "1"]
[White "Lyell, Mark"]
[Black "Pedersen, Steen"]
[Result "1-0"]
[WhiteElo "2238"]
[BlackElo "1677"]
[PlyCount "31"]
[EventDate "1999.07.03"]
[EventType "swiss"]
[EventRounds "11"]
[EventCountry "DEN"]
[SourceDate "2004.01.01"]

1. e4 d5 2. exd5 Qxd5 3. Nf3 Nf6 4. d4 Bf5 5. Be2 e6 6. O-O Be7 7. c4 Qd8 8.
Qb3 b6 9. Be3 O-O 10. Ne5 c5 11. dxc5 Bxc5 12. Bxc5 bxc5 13. Bf3 Be4 14. Bxe4
Nxe4 15. Qb7 Qd4 16. Nf3 1-0

[Event "21. Copenhagen Open  (Politiken Cup)"]
[Site "Copenhagen"]
[Date "1999.07.03"]
[Round "1"]
[White "Lynge, Torben"]
[Black "Larsen, Peter"]
[Result "0-1"]
[WhiteElo "1708"]
[BlackElo "2259"]
[PlyCount "42"]
[EventDate "1999.07.03"]
[EventType "swiss"]
[EventRounds "11"]
[EventCountry "DEN"]
[SourceDate "2004.01.01"]

1. e4 c5 2. Nf3 e6 3. d4 cxd4 4. Nxd4 Nc6 5. Be3 Nf6 6. Bd3 d5 7. Nd2 Be7 8. c3
O-O 9. Qc2 h6 10. h3 Bd7 11. N4f3 Rc8 12. a3 e5 13. Qd1 Qc7 14. O-O Rcd8 15.
Qe2 Be6 16. exd5 Nxd5 17. Nc4 f5 18. Bxh6 gxh6 19. Nfxe5 Nf4 20. Qe3 Bg5 21.
Nxc6 Qxc6 0-1

[Event "21. Copenhagen Open  (Politiken Cup)"]
[Site "Copenhagen"]
[Date "1999.07.03"]
[Round "1"]
[White "Lonborg, Morten"]
[Black "Hau, Helge"]
[Result "1-0"]
[WhiteElo "2159"]
[BlackElo "1492"]
[PlyCount "141"]
[EventDate "1999.07.03"]
[EventType "swiss"]
[EventRounds "11"]
[EventCountry "DEN"]
[SourceDate "2004.01.01"]

1. e4 e6 2. d4 d5 3. Nd2 Nf6 4. e5 Nfd7 5. Bd3 Nc6 6. c3 g6 7. Ne2 Bg7 8. O-O
O-O 9. Nf3 f6 10. exf6 Nxf6 11. Bg5 Qe8 12. Qd2 Ne4 13. Bxe4 dxe4 14. Ne1 e5
15. d5 Nd8 16. Ng3 Bf5 17. Bh6 Bxh6 18. Qxh6 Nf7 19. Qe3 Nd6 20. b3 b6 21. Nc2
a5 22. Rad1 Qe7 23. c4 h5 24. Ne2 Rf7 25. c5 bxc5 26. Qxc5 Bg4 27. Rd2 Qg5 28.
Qe3 Qxe3 29. Nxe3 Bxe2 30. Rxe2 Kf8 31. Nc4 a4 32. Nxe5 Rg7 33. Nc4 axb3 34.
axb3 Rb8 35. Nxd6 cxd6 36. Rxe4 Rxb3 37. Re6 Rb6 38. g3 g5 39. Rc1 Re7 40. Rh6
h4 41. gxh4 gxh4 42. Rxh4 Rg7+ 43. Kf1 Rg5 44. Rh7 Kg8 45. Rd7 Rg7 46. Rxg7+
Kxg7 47. Rc6 Rb1+ 48. Kg2 Kf6 49. Rxd6+ Ke5 50. Rd8 Rd1 51. d6 Ke6 52. h4 Rd5
53. Kg3 Rf5 54. f3 Rf7 55. h5 Rg7+ 56. Kh4 Rf7 57. Re8+ Kxd6 58. h6 Kd7 59. Re3
Rh7 60. Kg5 Rh8 61. Kg6 Rg8+ 62. Kf7 Rg3 63. Rd3+ Kc7 64. h7 Rh3 65. Kg8 Rg3+
66. Kh8 Kc8 67. Rd4 Rxf3 68. Rg4 Rd3 69. Kg7 Rd7+ 70. Kh6 Rd6+ 71. Rg6 1-0

[Event "21. Copenhagen Open  (Politiken Cup)"]
[Site "Copenhagen"]
[Date "1999.07.03"]
[Round "1"]
[White "Manley, Christian"]
[Black "Mashiri, Artur"]
[Result "0-1"]
[WhiteElo "1086"]
[BlackElo "2073"]
[PlyCount "96"]
[EventDate "1999.07.03"]
[EventType "swiss"]
[EventRounds "11"]
[EventCountry "DEN"]
[SourceDate "2004.01.01"]

1. c4 f5 2. Nf3 c5 3. e3 g6 4. Nc3 Bg7 5. d4 Na6 6. g3 Nf6 7. Qd3 O-O 8. Bg2 d6
9. a3 Re8 10. O-O Rb8 11. Re1 Bd7 12. e4 cxd4 13. Qxd4 Nxe4 14. Qd3 Nac5 15.
Qc2 Nxc3 16. bxc3 Ba4 17. Qe2 e5 18. Bb2 Bf6 19. h3 Qc7 20. h4 e4 21. Nd4 a6
22. Bh1 Nd3 23. Reb1 Qxc4 24. f3 d5 25. g4 fxg4 26. fxg4 Bxh4 27. Qh2 Bf2+ 28.
Kg2 Bxd4 29. cxd4 Qc2+ 30. Kg1 Rf8 31. Rf1 Qxb2 32. Ra2 Qxd4+ 33. Kg2 Rxf1 34.
Qxb8+ Rf8 35. Qg3 e3 36. Kh3 Bd1 37. Qd6 Qxg4+ 38. Kh2 Qh4+ 39. Kg1 Qe1+ 40.
Kh2 Rf2+ 41. Rxf2 Qxf2+ 42. Kh3 Nf4+ 43. Qxf4 Qxf4 44. Bxd5+ Kg7 45. Bxb7 e2
46. Bxa6 e1=B 47. Kg2 Qg3+ 48. Kh1 Bf3# 0-1

[Event "21. Copenhagen Open  (Politiken Cup)"]
[Site "Copenhagen"]
[Date "1999.07.03"]
[Round "1"]
[White "Matthiesen, Martin"]
[Black "Tjornsted, Peter"]
[Result "1-0"]
[WhiteElo "2322"]
[BlackElo "1837"]
[PlyCount "109"]
[EventDate "1999.07.03"]
[EventType "swiss"]
[EventRounds "11"]
[EventCountry "DEN"]
[SourceDate "2004.01.01"]

1. c4 b6 2. d4 e6 3. a3 Bb7 4. Nc3 Nf6 5. d5 Be7 6. e4 e5 7. Nf3 d6 8. Be2 Nbd7
9. O-O Nc5 10. Nd2 c6 11. b4 Ncd7 12. dxc6 Bxc6 13. f3 a5 14. Rb1 axb4 15. axb4
O-O 16. Nb3 Qc7 17. Be3 Rfb8 18. Rf2 Nf8 19. Bf1 Ne6 20. Nd5 Bxd5 21. cxd5 Nf8
22. Rc2 Qd8 23. Bb5 N8d7 24. Bc6 Ra7 25. Ra1 Qc7 26. Rca2 Rxa2 27. Rxa2 h6 28.
Qa1 Qc8 29. Ra7 Bd8 30. Qc1 Nc5 31. bxc5 bxc5 32. Nd2 Bb6 33. Ra4 Kh7 34. Nc4
Bc7 35. Qa1 Ng8 36. Ra8 Ne7 37. Rxb8 Qxb8 38. Qb2 Qa7 39. Qb7 Qa1+ 40. Kf2 Qa2+
41. Nd2 Ba5 42. Qb1 Qxb1 43. Nxb1 f5 44. Na3 f4 45. Bc1 Kg8 46. Nb5 Kf8 47.
Nxd6 Nxc6 48. dxc6 Ke7 49. Nc4 Bc3 50. Bb2 Bd4+ 51. Bxd4 exd4 52. e5 g6 53. Nd6
Kd8 54. e6 g5 55. Nf5 1-0

[Event "21. Copenhagen Open  (Politiken Cup)"]
[Site "Copenhagen"]
[Date "1999.07.03"]
[Round "1"]
[White "Meulenbroek, Kim"]
[Black "Lyrberg, Patrik"]
[Result "0-1"]
[WhiteElo "1940"]
[BlackElo "2395"]
[PlyCount "70"]
[EventDate "1999.07.03"]
[EventType "swiss"]
[EventRounds "11"]
[EventCountry "DEN"]
[SourceDate "2004.01.01"]

1. e4 e6 2. d4 d5 3. Nc3 Bb4 4. e5 c5 5. a3 Ba5 6. Bd2 Nc6 7. Nb5 Bc7 8. f4
cxd4 9. Nf3 Nh6 10. Bd3 Ng4 11. Qe2 a6 12. Nxc7+ Qxc7 13. O-O Qb6 14. b4 Ne3
15. Rfe1 Nc4 16. Bxc4 dxc4 17. Qxc4 O-O 18. Qd3 h6 19. c4 Rd8 20. c5 Qa7 21.
Rec1 Bd7 22. Be1 Ne7 23. Bh4 Bb5 24. Qd1 Kf8 25. Nd2 d3 26. Qg4 Nf5 27. Bxd8
Rxd8 28. a4 Be8 29. Nc4 Rd4 30. Qf3 a5 31. Nd6 axb4 32. Nb5 Bxb5 33. axb5 d2
34. Rd1 Qxc5 35. Ra8+ Ke7 0-1

[Event "21. Copenhagen Open  (Politiken Cup)"]
[Site "Copenhagen"]
[Date "1999.07.03"]
[Round "1"]
[White "Maechel, Michael"]
[Black "Vistisen, Lars"]
[Result "0-1"]
[WhiteElo "1611"]
[BlackElo "2199"]
[PlyCount "52"]
[EventDate "1999.07.03"]
[EventType "swiss"]
[EventRounds "11"]
[EventCountry "DEN"]
[SourceDate "2004.01.01"]

1. e4 e5 2. f4 exf4 3. Nf3 g5 4. Bc4 Bg7 5. h4 h6 6. hxg5 hxg5 7. Rxh8 Bxh8 8.
Nh2 d6 9. Qh5 Qf6 10. Nc3 c6 11. Bxf7+ Qxf7 12. Qxh8 Be6 13. Nf3 Qg6 14. Nd4
Bf7 15. Nf5 Na6 16. a3 Kd7 17. d4 Re8 18. Kf2 Nf6 19. Qg7 Nxe4+ 20. Nxe4 Rxe4
21. Qxg6 Bxg6 22. Nh6 Rxd4 23. c3 Rd1 24. Ng4 Nc5 25. Ke2 Rg1 26. Kf2 Rxc1 0-1